Statistiques concernant Les 20 meilleures nations au rugby

Cliquez ici pour prendre le quiz!

Statistiques générales

  • Ce quiz a été pris 321 fois
  • Le résultat moyen est 18 sur 20

Statistiques - réponses

Points Pays % Correct
81,21France
100%
94,78Nouvelle-Zélande
99%
91,02Angleterre
99%
86,35Australie
99%
83,18Irlande
99%
82,18Ecosse
99%
82,16Pays de Galles
98%
81,79Afrique du Sud
98%
71,17Italie
97%
79,91Argentine
95%
74,22Japon
91%
76,46Fidji
91%
71,94Tonga
89%
71,25Samoa
88%
66,79Etats-Unis
86%
63,05Espagne
80%
61,75Russie
75%
74,14Géorgie
73%
68,93Roumanie
72%
62,78Namibie
65%

Distribution des résultats

Percentile by Number Answered

% des personnes avec chaque résultat

Votre développement - résultats

Vous n’avez pas pris ce quiz